=LDR 00000nam 2200000 4500 =001 INLIS000000000031112 =005 20130612133213 =008 ***********************************ind** =035 ##$$0010-061300000031112 =041 ##$$a ind =082 ##$$a 635.26 =090 ##$$a 635.26, Aak p =100 ##$$a Aak =245 ##$$a Pedoman bertanam bawang, Aak =260 ##$$a 2006 $b Yogyakarta =300 ##$$a 100 hlm, ilus, 21 cm =650 ##$$a Bawang Tanaman =850 ##$$a NBPNMAT =990 ##$$a 21195255/BPAP-NTB/2014 =990 ##$$a 0001/BPAP-NTB/2015